Central Library OPAC University of Rajshahi

জালালে আলে আহমাদের নির্বাচিত ছোটগল্প / (Record no. 54046)

MARC details
000 -LEADER
fixed length control field 01131nam a2200241 a 4500
001 - CONTROL NUMBER
control field 54046
003 - CONTROL NUMBER IDENTIFIER
rucl marc code BD-RjUL
005 - DATE AND TIME OF LATEST TRANSACTION
control field 20211209080050.0
008 - FIXED-LENGTH DATA ELEMENTS--GENERAL INFORMATION
fixed length control field 161101s2006 bg ||||| |||| 00| 1 ben d
020 ## - INTERNATIONAL STANDARD BOOK NUMBER
International Standard Book Number 9644391632
Terms of availability : Tk.150.00
035 ## - SYSTEM CONTROL NUMBER
System control number (BD-RjUL)54168
040 ## - CATALOGING SOURCE
Original cataloging agency BD-RjUL
Language of cataloging ben
Transcribing agency BD-RjUL
Modifying agency BD-RjUL
041 ## - LANGUAGE CODE
Language code of text/sound track or separate title ben
082 ## - DEWEY DECIMAL CLASSIFICATION NUMBER
Edition number 23
Classification number 891.55308
Author mark and year AHJ 2006
100 ## - MAIN ENTRY--PERSONAL NAME
Personal name আহমাদ, জালালে আলে
9 (RLIN) 161365
245 10 - TITLE STATEMENT
Title জালালে আলে আহমাদের নির্বাচিত ছোটগল্প /
Statement of responsibility, etc. জালালে আলে আহমাদ, অনুবাদ : আবদুস সবুর খান
260 ## - PUBLICATION, DISTRIBUTION, ETC. (IMPRINT)
Place of publication, distribution, etc. ঢাকা :
Name of publisher, distributor, etc. আল হুদা আন্তর্জাতিক প্রকাশনা সংস্থা,
Date of publication, distribution, etc. ২০০৬.
300 ## - PHYSICAL DESCRIPTION
Pagination ১১৫ পৃ. :
Illustrations চিত্র ;
Size ২৩ সেমি.
650 ## - SUBJECT ADDED ENTRY--TOPICAL TERM
Topical term or geographic name as entry element ফার্সি ছোট গল্প
Form subdivision সংগ্রহ
9 (RLIN) 161366
Topical term or geographic name as entry element Persian Short Stories,
Form subdivision , Collections
9 (RLIN) 161367
700 ## - ADDED ENTRY--PERSONAL NAME
Personal name খান, আবদুস সবুর : অনুবাদ
942 ## - ADDED ENTRY ELEMENTS (KOHA)
Source of classification or shelving scheme Dewey Decimal Classification
Koha item type Books
Holdings
Lost status Source of classification or shelving scheme Damaged status Not for loan Collection code Permanent Location Current Location Shelving location Date acquired Source of acquisition Total Checkouts Full call number Date last seen Copy number Koha item type Cost, normal purchase price
  Dewey Decimal Classification     Non-fiction Central Library, University of Rajshahi Central Library, University of Rajshahi   23/07/2008 Iran Embasodary , Dhaka.Gift   B 891.55308 AHJ 2006 01/11/2016 C-2 Books  
  Dewey Decimal Classification   Not For Loan Non-fiction Central Library, University of Rajshahi Central Library, University of Rajshahi Reading Room 23/07/2008 Iran Embasodary , Dhaka.Gift   B 891.55308 AHJ 2006 20/03/2018 C-1 Books 150.00